书目信息 |
| 题名: |
轻松自编小型嵌入式操作系统
|
|
| 作者: | 陈旭武 编著 | |
| 分册: | ||
| 出版信息: | 北京 北京航空航天大学出版社 2012.01 |
|
| 页数: | 366页 | |
| 开本: | 26cm | |
| 丛书名: | ||
| 单 册: | ||
| 中图分类: | TP316.2 | |
| 科图分类: | ||
| 主题词: | 实时操作系统 | |
| 电子资源: | ||
| ISBN: | 978-7-5124-0632-2 | |
| 000 | 00880nam0 2200229 45 | |
| 001 | 1237517075 | |
| 005 | 20120614150411.82 | |
| 010 | @a978-7-5124-0632-2@dCNY49.00 | |
| 100 | @a20120305d2012 em y0chiy50 ea | |
| 101 | 0 | @achi |
| 102 | @aCN@b110000 | |
| 105 | @aa z 000yy | |
| 106 | @ar | |
| 200 | 1 | @a轻松自编小型嵌入式操作系统@AQing Song Zi Bian Xiao Xing Qian Ru Shi Cao Zuo Xi Tong@f陈旭武编著@FChen Xu Wu Bian Zhu |
| 210 | @a北京@c北京航空航天大学出版社@d2012.01 | |
| 215 | @a366页@c图@d26cm | |
| 330 | @a本书分为三大篇14章,第1篇,实现一个基础的小型嵌入式操作系统,设计内核的功能结构及其程序代码。第2篇,扩展小型嵌入式操作系统内核的应用功能。第3篇,用实际工程例子介绍RW/CZXT-1.0嵌入式操作系统的应用。 | |
| 606 | 0 | @a实时操作系统 |
| 690 | @aTP316.2@v4 | |
| 701 | 0 | @a陈旭武@AChen Xu Wu@4编著 |
| 801 | 0 | @aCN@bTSTCL@c20120605 |
| 905 | @b0816088-91@dTP316.2@e735@f4 | |
| 轻松自编小型嵌入式操作系统/陈旭武编著.-北京:北京航空航天大学出版社,2012.01 |
| 366页:图;26cm |
| ISBN 978-7-5124-0632-2:CNY49.00 |
| 本书分为三大篇14章,第1篇,实现一个基础的小型嵌入式操作系统,设计内核的功能结构及其程序代码。第2篇,扩展小型嵌入式操作系统内核的应用功能。第3篇,用实际工程例子介绍RW/CZXT-1.0嵌入式操作系统的应用。 |
| ● |
| 相关链接 |
|
|
|
|
正题名:轻松自编小型嵌入式操作系统
索取号:TP316.2/735
 
预约/预借
| 序号 | 登录号 | 条形码 | 馆藏地/架位号 | 状态 | 备注 |
| 1 | 0816088 | 208160880 | 第二样本阅览室/ [索取号:TP316.2/735] | 在馆 | |
| 2 | 0816089 | 208160899 | 第三借阅区/ [索取号:TP316.2/735] | 在馆 | |
| 3 | 0816090 | 208160906 | 第三借阅区/ [索取号:TP316.2/735] | 在馆 | |
| 4 | 0816091 | 208160915 | 第三借阅区/ [索取号:TP316.2/735] | 在馆 |